000 nam a22 7a 4500
999 _c329413
_d329413
003 Nust
005 20170505114526.0
008 170505b xxu||||| |||| 00| 0 eng d
020 _a0070602301
040 _c0
082 _a515.9 SPI
100 _aSpiegel,Murray R.
_951
245 _aSchaum's Outlines Complex Variables:
_bWith an introduction to conformal mapping and its applications
_cMurray R.Spiegel,PhD
260 _aLahore
_bMcGraw-Hill
_c2005
300 _a313p.
500 _aP.B
942 _2ddc
_cBK
_k515.9 SPI